| 000 | 00669cab a2200217 4500 | ||
|---|---|---|---|
| 001 | WB3306-48 | ||
| 008 | 090401t1997 xxu||||| |||| 00| 0 eng d | ||
| 035 | _a(Sirsi) u44114 | ||
| 041 | _aeng | ||
| 245 | _aSelf employed workers | ||
| 260 | _c1997 | ||
| 350 | _a0 | ||
| 490 |
_aDaily Telegraph _v3 February 1997, 27(2) |
||
| 520 | _aFrom April 1997, construction companies will be liable for workers who pretend they are casual, self-employed labourers when they are working on a full-time basis. | ||
| 650 | _aCONSTRUCTION INDUSTRY | ||
| 650 | _aCONSTRUCTION WORKERS | ||
| 650 | _aSELF-EMPLOYED | ||
| 690 | _aTAXATION | ||
| 942 | _n0 | ||
| 948 | _c04/03/1997 | ||
| 999 |
_c28125 _d28125 |
||